000 01894nam a2200385 a 4500
001 000044852
003 DO-SdBNP
005 20230802133329.0
007 ta
008 150114s2013 dr ac 000 0 spa d
040 _aDO-SdBNP
_bspa
_cBNPHU
_erda
082 _222
_axxx
_bG943
100 1 _aRosa Tapia, María del Jesús de la
_983858
245 1 0 _aGuía para el Aprendizaje. :
_bQuisqueya aprende contigo. Plan nacional de alfabetización /
_cMaría del Jesús de la Rosa Tapia, Basilia Rodríguez ; revisión Nicolás Guevara, Luz Almánzar, Luis Holguín Veras Martínez, Deolegario Tapia, Ángela Rodríguez y otros ; fotografías George Phipps.
264 _aSanto Domingo :
_bMinisterio de educación,
_bCentenario,
_c2013.
300 _a254 páginas
_bilustraciones, retratos
_c28 cm.
336 _2rdacontent
_atexto
_btxt
337 _2rdamedia
_asin mediación
_bn
338 _2rdacarrier
_avolumen
_bnc
500 _aEsto es una guía para el aprendizaje para la alfabetización.
505 2 _gUnidad 1. --
_tSoy persona --
_gUnidad 2. --
_tSomos personas organizadas --
_gUnidad 3. --
_tTenemos derecho a la salud --
_gUnidad 4. --
_tTrabajamos para vivir mejor --
_gUnidad 5. --
_tCuidamos el medio ambiente --
_gUnidad 6. --
_tTenemos un gran país --
_gAnexos /
590 _aInventariado, 2023/ YL
700 1 _aRodríguez, Basilia
_eAutora.
_983859
700 1 _aGuevara, Nicolás
_eRevisión
_922224
700 1 _aAlmánzar, Luz
_eRevisión
_983860
700 1 _aHolguín Veras Martínez, Luis
_eRevisión
_983861
700 1 _aTapia, Deolegario
_eRevisión
_983862
700 1 _aRodríguez, Ángela
_eRevisión
_946708
700 1 _aCamilo Recio, Miriam
_eRevisión
_937246
700 1 _aValerio, Magdalena
_eRevisión
_983863
700 1 _aAlmonte, Julio
_eRevisión
_983864
700 1 _aPhipps, George
_efotografías
_972867
910 _aYLockward
942 _2ddc
_cLBS1
999 _c44341
_d44341